000 00559nam a22002177a 4500
005 20231213102248.0
008 170306b xxu||||| |||| 00| 0 eng d
020 _a9788126921089
_c395.00
040 _aLoreto College
041 _aEnglish
082 _a302.23
_bELA
100 _aElahi,Raza
245 _aHow to become a good journalist
_cRaza Elahi
250 _a2nd rev. & enl. ed.
260 _aNew Delhi
_bAtlantic Publishers
_c2016
300 _axii,98p
_b22cm
650 _aMass media
650 _aJournalism
850 _aLCLIB
942 _cBK
999 _c40935
_d91414